|
|
|
|
| LEADER |
00991aam a22002538a 4500 |
| 001 |
00046474 |
| 005 |
20210310140302.0 |
| 008 |
140403s2013 ||||||viesd |
| 020 |
# |
# |
|a 9786043189704
|c 395000
|
| 041 |
0 |
# |
|a vie
|
| 082 |
1 |
4 |
|a 364.160 959 7
|b T103L
|
| 100 |
# |
# |
|a Tăng Bình
|e Tuyển chọn
|
| 245 |
1 |
0 |
|a Tài liệu phòng chống tham nhũng, hướng dẫn kiểm soát tài sản, thu nhập của người có chức vụ quyền hạn trong cơ quan, tổ chức, đơn vị
|c Tăng Bình, Ái Phương (tuyển chọn)
|
| 260 |
# |
# |
|a Hà Nội
|b Hồng Đức
|c 2021
|
| 300 |
# |
# |
|a 408tr.
|c 27cm
|
| 650 |
# |
4 |
|z Việt Nam
|
| 653 |
# |
# |
|a Pháp luật
|
| 653 |
# |
# |
|a Phòng chống
|
| 653 |
# |
# |
|a Tham nhũng
|
| 653 |
# |
# |
|a Việt Nam
|
| 700 |
# |
# |
|a Ái Phương
|e Tuyển chọn
|
| 852 |
# |
# |
|j KD.0027858
|
| 910 |
# |
# |
|d 10/03/2021
|
| 980 |
# |
# |
|a Trung tâm Học liệu Lê Vũ Hùng, Trường Đại học Đồng Tháp
|